| 000 | 00666nam a2200241Ia 4500 | ||
|---|---|---|---|
| 005 | 20250425162824.0 | ||
| 008 | 250425s9999 xx 000 0 und d | ||
| 041 | _aspa | ||
| 044 | _asp | ||
| 082 | _a621.3 | ||
| 100 | _aDAWES, CHESTER L. | ||
| 245 | 0 |
_aTRATADO DE ELECTRICIDAD: CORRIENTE CONTINUA (TOMO I) = _bA COURSE IN ELECTRICAL ENGINEERING _cSANTIAGO RUBIO. |
|
| 250 | _a13A ED. | ||
| 264 |
_aEspaƱa, BARCELONA _bGUSTAVO GILI _c1994. |
||
| 300 | _a805 | ||
| 362 | _a1 | ||
| 650 | _aCORRIENTE CONTINUA | ||
| 650 | _aGENERADORES ELECTRICOS | ||
| 650 | _aRESISTENCIA ELECTRICA | ||
| 700 |
_aSANTIAGO RUBIO. _etr |
||
| 942 | _c01 | ||
| 010 | _a110413 | ||
| 999 |
_c237150 _d237150 |
||